| 000 | 00524nam a2200157 a 4500 | ||
|---|---|---|---|
| 001 | 000027407 | ||
| 005 | 20200930030818.0 | ||
| 008 | 110331s1945 dr 000 | spa d | ||
| 040 |
_aDO-SdBNP _bspa _cBNPHU |
||
| 082 |
_axxx _bR4264r |
||
| 110 | 1 |
_aRepública Dominicana. _bSecretaría de Estado de Relaciones Exteriores _92256 |
|
| 245 | 1 | 0 | _aRatificación de los acuerdos de San Francisco. |
| 260 |
_aCiudad Trujillo, República Dominicana : _bLuis Sánchez Andújar, _c1945. |
||
| 300 |
_a104 p. ; _c25 cm. |
||
| 049 | _aBNPD | ||
| 999 |
_c26899 _d26899 |
||